Heart (Registro nro. 29511)

Detalles MARC
000 -CABECERA
Longitud fija campo de control 00492nai a22001817a 4500
003 - IDENTIFICADOR DELl NÚMERO DE CONTROL
Identificador del número de control OSt
005 - FECHA Y HORA DE LA ÚLTIMA TRANSACCIÓN
Fecha y hora de la última transacción 20180828110128.0
008 - CÓDIGOS DE INFORMACIÓN DE LONGITUD FIJA
Códigos de información de longitud fija 180608b xxu||||| |||| 00| 0 eng d
040 ## - FUENTE DE LA CATALOGACIÓN
Centro catalogador de origen BMC
Centro transcriptor BMC
082 ## - NÚMERO DE LA CLASIFICACIÓN DECIMAL DEWEY
Númeroo de clasificación 616.12
245 00 - MENCIÓN DE TÍTULO
Título Heart
Mención de responsabilidad, etc. Roger J. Hall, editor
260 ## - PUBLICACIÓN, DISTRIBUCIÓN, ETC. (PIE DE IMPRENTA)
Lugar de publicación, distribución, etc. [Londres]
Nombre del editor, distribuidor, etc. British Cardiac Society
Fecha de publicación, distribución, etc. 2000
300 ## - DESCRIPCIÓN FÍSICA
Extensión 720 p.
Dimensiones 30 cm
490 ## - MENCIÓN DE SERIE
Mención de serie Cardiología
Designación de volumen o secuencia V. 83
505 ## - NOTA DE CONTENIDO CON FORMATO
Nota de contenido con formato Contiene: Comparative coronary anatomy...-
650 24 - PUNTO DE ACCESO ADICIONAL DE MATERIA - TÉRMINO DE MATERIA
9 (RLIN) 24283
Término de materia o nombre geográfico como elemento inicial Cardiología
942 ## - ENTRADA DE ELEMENTOS AGREGADOS (KOHA)
Fuente de clasificaión o esquema Dewey Decimal Classification
Koha [por defecto] tipo de item 2- Prensa y Revistas
Existencias
Suprimido Perdido Fuente de clasificación o esquema Estropeado Restricciones de uso No para préstamo Código de colección Localización permanente Localización actual Localización en estanter&íacute;as Fecha adquisición Fuente de adquisición Número de inventario Préstamos totales Signatura completa Código de barras Fecha última consulta Fecha del precio de reemplazo Tipo de item de Koha
NULL NULL Dewey Decimal Classification NULL NULL NULL NULL Biblioteca Miguel de Cervantes - UNICAES Biblioteca Miguel de Cervantes - UNICAES Sala Principal 30/06/2008 Donación - Romeo Tovar Astorga 000022   MED-000022 (v.83) 1044341 18/06/2018 18/06/2018 2- Prensa y Revistas